Drawing : Mastering the Language of Visual Expression /

Guardado en:
Bibliografiske detaljer
Hovedforfatter: Micklewright, Keith (autor)
Format: Bog
Sprog:engelsk
Udgivet: Nueva York, EUA : Harry N. Abrams, 2005, c2005
Fag:
Tags: Tilføj Tag
Ingen Tags, Vær først til at tagge denne postø!

MARC

LEADER 00000nam^a2200000^a^4500
001 000184845
005 20250521000000.0
009 20260310102130.326
020 |a 0-8109-9238-8 
037 |a Acervo ITESO - Biblioteca 
041 |a ING 
082 |a 741.  |b MIC 
100 |a Micklewright, Keith  |e (autor) 
245 1 0 |a Drawing :  |b Mastering the Language of Visual Expression /  |c K. Micklewright. 
264 4 |a Nueva York, EUA :  |b Harry N. Abrams,  |c 2005, c2005 
300 |a 168 p. 
336 |a texto  |b txt  |2 rdacontenido 
337 |a sin mediación  |b n  |2 rdamedio 
338 |a volumen  |b nc  |2 rdasoporte 
649 |a XX 
650 |a Dibujo -  |x Técnica 
650 |a Dibujo -  |x Teoría 
650 |a Comunicación Visual 
650 |a Arte 
910 |a Fondo General 
920 |a Impresos - Libros 
930 |a Colección General 
905 |a 101 
901 |a 0500125758  |b IT1  |c ACC  |u 20250521 
902 |a https://opac.biblio.iteso.mx/vufind/Record/000184845